000 00508nam a2200205Ia 4500
003 OSt
005 20260202093030.0
008 210719s1986 xx 000 0 und d
040 _cAL
041 _aeng
082 _a823.914 MACS
100 _aAlistair Maclean
_9253441
245 _aSantorini
260 _aLondon
_bHarper Collins Publishers
_c1986
300 _a220p
_bPB
650 _aEnglish Fiction
_9253442
650 _aIndian English Fiction
_9253443
906 _aSantorini
942 _2ddc
_cBK
999 _c216077
_d216077